UBT Library

The mobile marketing revolution : (Record no. 983)

000 -LEADER
fixed length control field 00557nam a22001817a 4500
008 - FIXED-LENGTH DATA ELEMENTS--GENERAL INFORMATION
fixed length control field 150604b xxu||||| |||| 00| 0 eng d
020 ## - INTERNATIONAL STANDARD BOOK NUMBER
International Standard Book Number 9780071788182
041 0# - LANGUAGE CODE
Language code of text/sound track or separate title eng
080 ## - UNIVERSAL DECIMAL CLASSIFICATION NUMBER
Universal Decimal Classification number 658.8
100 1# - Rafti
Rafti Alpert, Jed.
245 14 - TITLE STATEMENT
Title The mobile marketing revolution :
Statement of responsibility, etc by Jed Alpert.
250 ## -
-- 1st ed.
260 ## -
-- New York :
-- McGraw-Hill,
-- c2012.
300 ## -
-- 223 f. :
-- me il. ;
-- 24 cm.
650 #0 -
-- Marketingu elektronik
650 #0 -
-- Komunikimi në marketing
942 ## - ADDED ENTRY ELEMENTS (KOHA)
Source of classification or shelving scheme
Item type Books
Holdings
Withdrawn status Lost status Source of classification or shelving scheme Damaged status Not for loan Collection code Permanent location Current location Shelving location Date acquired Total Checkouts Full call number Date last seen Price effective from Koha item type Barcode
          Koleksioni i përgjithshem UBT - Lipjan UBT - Lipjan Koleksioni i përgjithshem 06/04/2015   658.8 ALP 06/04/2015 06/04/2015 Books  
          Koleksioni i përgjithshem UBT - Lipjan UBT - Lipjan Koleksioni i përgjithshem 11/03/2017   339.138 JED 11/03/2017 11/03/2017 Books 002-2936849
UBT Library © 2015-2024. All rights reserved University Education for Business and Technology